00898cam a22002651 4500001001300000003000400013005001700017008004100034010001700075035001900092040002500111042001200136050001500148100004900163245013000212260004300342300002700385500001700412500005000429500003800479650002000517650003800537650004000575999001700615gs 05000323 DLC20260227111301.0760510s1890 txua s000 0 eng  ags 05000323  a(OCoLC)2167857 aDLCcGATdOCoLCdDLC apremarc00aQE167b.P51 aPenrose, Richard Alexander Fullerton,d1863-12aA preliminary report on the geology of the Gulf Tertiary of Texas from Red River to the Rio Grande.cBy R. A. F. Penrose, jr. aAustin,bState Printing Office,c1890. a101 p.billus.c25 cm. aCover-title. aAt head of title: Geological Survey of Texas. a"From First Annual report, l889." 0aGeologyzTexas. 0aGeology, StratigraphicyTertiary. 0aMines and mineral resourceszTexas. c24207d24207